Financing higher education / (Record no. 41495)

MARC details
000 -LEADER
fixed length control field 00999nam a22002417a 4500
005 - DATE AND TIME OF LATEST TRANSACTION
control field 20100813110123.0
010 ## - LCCN (DPL NO)
LC control number ENG-100201
020 ## - INTERNATIONAL STANDARD BOOK NUMBER
International Standard Book Number 817520107x
Terms of availability 400.00
035 ## - SYSTEM CONTROL NUMBER
System control number EN-83733
037 ## - SOURCE OF ACQUISITION
Source of stock number/acquisition DBAD/PUB
082 ## - DEWEY DECIMAL CLASSIFICATION NUMBER
Classification number 379.1214
245 ## - TITLE STATEMENT
Title Financing higher education /
Statement of responsibility, etc edited by Usha Rai Negi, Bijayalazmi Mishra [and] Rishi Dev Anand
260 ## - PUBLICATION, DISTRIBUTION, ETC. (IMPRINT)
Place of publication, distribution, etc New Delhi
Name of publisher, distributor, etc Association of Indian Universities
Date of publication, distribution, etc 2009
270 ## - ADDRESS
Address 16 Comrade Indrajit Gupta Marg 9Kotla Marg)
City New Delhi
Postal code 110002
300 ## - PHYSICAL DESCRIPTION
Extent xxxii,290p.
Dimensions 23cm (pbk)
490 ## - SERIES STATEMENT
Series statement Selections from University News-19
-- 13773
650 ## - SUBJECT ADDED ENTRY--TOPICAL TERM
Topical term or geographic name as entry element Economic development-effect of education on
650 ## - SUBJECT ADDED ENTRY--TOPICAL TERM
Topical term or geographic name as entry element Education , Higher - Economic aspects
700 ## - ADDED ENTRY--PERSONAL NAME
Personal name Mishra, Bijayalaxmi
9 (RLIN) 12173
700 ## - ADDED ENTRY--PERSONAL NAME
Personal name Anand, Rishi Dev
9 (RLIN) 12174
942 ## - ADDED ENTRY ELEMENTS (KOHA)
Source of classification or shelving scheme Dewey Decimal Classification
Item type English Books
Classification part 379.1214
Call number suffix FIN
Holdings
Withdrawn status Lost status Not for loan Collection code Home library Current library Date acquired Source of acquisition Cost, normal purchase price Full call number Barcode Copy number Cost, replacement price Koha item type
    Not For Loan Non-fiction D.B.Act.Division D.B.Act.Division 13/08/2010 DBAD/PUB 400.00 379.1214 FIN EN-83733 1 400.00 English Books

© Delhi Public Library
Hit Counter
free hit counter